000 00335pab a2200145 454500
008 180718b1998 xxu||||| |||| 00| 0 eng d
100 _aLynch, Michael W.
245 _aEnforcing "statutory rape"?
260 _c1998
300 _ap.3-16
362 _aSummer
650 _aSexual abuse
773 _aPublic Interest
909 _a37946
999 _c37946
_d37946